00547nam a2200145Ia 4500008004100000041000800041082001300049100003100062245005300093260004600146300001400192906001300206999001700219952016500236220530s9999 xx 000 0 und d aeng a820bSHI aShivtatvanand Swami956921 aSwami Vivekanand Granthavali Vol-10 (Marathi ) aNagpurbRamkrushn Math Publicationc2012 a423 PbPB a12.6bGB c51548d51548 001040708Non Technical aCEWNbCEWNd2013-04-06eNagpur Popular Book Shopg84.00o820/SHI/ pCEWN-BK-4305r2022-05-30 00:00:00v71.40w2022-05-30yBKz004305